000 00269nam a2200121Ia 4500
008 190216s9999||||xx |||||||||||||| ||und||
100 _aPanikkar Km
245 0 _aHistory Of Kerala
260 _bS Chand & Co
_c1987
300 _a465p
650 _aHistory
942 _cBK
999 _c18629
_d18629